000 00348nam a2200133Ia 4500
008 230222s9999||||xx |||||||||||||| ||und||
020 _a0-3427633
040 _cChuka University Library
050 _aLC 5201
_bI5 2005
100 _a HERIBERT,HINZEN
_95227
245 0 _aADULT EDUCATION AND DEVELOPMENT
260 _aIIZ
_bGERMANY
_c2005
942 _cBK
999 _c9519
_d9519